Statistics for Honda Models of the Past

Click here to take the quiz!

General Stats

  • This quiz has been taken 5 times
  • The average score is 18 of 48

Answer Stats

Answer% Correct
City
80%
S660
80%
Beat
60%
CR-X
60%
CR-X Del Sol
60%
CR-Z
60%
Element
60%
Legend
60%
Prelude
60%
S2000
60%
S800
60%
Today
60%
1300
40%
Airwave
40%
Ascot
40%
Ballade
40%
Concerto
40%
Logo
40%
N360
40%
N600
40%
S500
40%
S600
40%
Shuttle
40%
S-MX
40%
T360
40%
T500
40%
Vamos
40%
Z
40%
Capa
20%
Crossroads
20%
Crosstour
20%
Domani
20%
EV Plus
20%
FR-V
20%
Horizon
20%
L700
20%
Life
20%
Life Dunk
20%
Mobilio Spike
20%
Orthia
20%
Quint
20%
Rafaga
20%
Stream
20%
That's
20%
Torneo
20%
Tourmaster
20%
Vamos Hobio
20%
Zest
20%

Score Distribution

Percentile by Number Answered

Percent of People with Each Score

Your Score History

You have not taken this quiz